[Event "Stay Safe Play From Home 359"]
[Site "Emanuel Lasker Arena"]
[Date "2020.08.05"]
[Round "5"]
[White "SelamiSahin"]
[Black "AgentsofShield"]
[Result "1-0"]
[WhiteElo "2149"]
[BlackElo "1945"]
[Annotator "TA"]
[PlyCount "91"]
[EventDate "2020.08.05"]
[EventType "swiss (blitz)"]

{[%evp 21,91,51,59,0,14,13,19,14,22,-6,-10,0,25,-8,24,-8,-8,-79,-79,-186,-81,-106,40,0,0,0,66,-110,-109,-128,-117,-153,-130,-188,-185,-197,-183,-252,-253,-328,-102,-104,-104,-92,344,-75,-70,-483,-483,-611,-483,-466,-454,-442,-400,-383,-233,-250,0,-243,-246,-358,0,-91,557,546,496,-303,-141,-147,-110,-89]} 1. d4 Nf6 2. c4 g6 3. Nc3 d6 4. e4 Bg7 5. Be2 O-O 6. Be3 e5 7. Nf3 Nc6 8. O-O Ng4 9. Bg5 f6 10. Bh4 exd4 11. Nxd4 Nge5 {[#]} 12. Bg3 $146 {E97: King's Indian: Classical Main Line (6...e5 7 0-0 Nc6): 8 Be3 and 8 d5 Ne7, not 9 Ne1.} (12. f4 $14 Nf7 13. Rc1) ({Predecessor:} 12. Nxc6 Nxc6 13. f4 Be6 14. f5 Bc8 15. Nd5 Ne5 16. Qb3 c6 17. Ne3 Qe7 18. Rad1 Kh8 19. Qa3 Rd8 {1-0 (33) Peralta,F (2553)-Tattersall Rodriguez,L (2273) Petra 2005}) 12... Nxd4 13. Qxd4 f5 14. Qd5+ {The position is equal.} Kh8 {Hoping for ...f4.} 15. f4 Nc6 16. Rad1 a5 17. Rfe1 fxe4 (17... Nb4 $5 18. Qd2 $8 fxe4 $15) 18. Nxe4 Bxb2 19. Ng5 (19. Bf3 $11) 19... Qf6 $17 20. Bd3 (20. Bf3 $17 {was necessary.}) 20... h6 (20... Nb4 $1 $19 {[%cal Rb4d5] and Black stays clearly on top.} 21. Qf3 Nxa2) 21. Nf3 Ne7 (21... Bc3 $17 22. Re3 Nb4) 22. Qe4 {[%mdl 1024] White has compensation.} Nf5 23. Bf2 Bd7 ({Black should try} 23... Bc3 $11) 24. Bb1 $2 (24. Qxb7 $14 {was forced to keep a grip.} Rfc8 25. Bxf5 Bxf5 26. Bh4 {[%mdl 64] Remove Defender, Decoy}) 24... Bc6 $36 {[%mdl 2048] Black has strong initiative.} 25. Qd3 Rae8 26. Kh1 Kh7 27. h3 (27. Kg1 $17 {keeps fighting.}) 27... Bc3 $19 28. Rxe8 Rxe8 29. Rc1 (29. Kg1 $142) 29... Bb4 30. Rd1 Bc5 $2 (30... Qb2 $19 {is more deadly.} 31. Bd4 Qe2) 31. Bxc5 $17 dxc5 32. Ne5 {[#]} Nd4 $2 {[%mdl 8192]} (32... Be4 $1 $17 {[%mdl 512] and life is bright.} 33. Qb3 (33. Qxe4 Ng3+) 33... Bxb1 34. Qxb1 Re7) 33. Rf1 $2 (33. Qxg6+ $18 Qxg6 34. Bxg6+ Kg7 35. Bxe8 Bxe8 36. Kh2) 33... Re6 34. Qg3 $2 {[%mdl 8192] [#]} ({White should play} 34. Qe3 $15) 34... Rxe5 $1 $19 {[%mdl 576] Pin} 35. Bxg6+ (35. fxe5 Qxf1+) 35... Qxg6 36. Qxg6+ Kxg6 37. fxe5 Nf5 38. Rf4 Ng3+ 39. Kh2 Nf5 $2 (39... Ne2 $19 40. Rf8 Nd4) 40. g4 $2 (40. Kh1 $1 $11) 40... Nd4 41. Rf6+ {[#]} (41. Rf8 $142) 41... Kg5 $2 (41... Kg7 $1 $19 {White must now prevent ...Bd7.} 42. Kg3 Bd7) 42. Rf7 (42. Kg3 $11 {remains equal.} Ne2+ 43. Kf2) 42... Nf3+ $2 {[%mdl 8192] [#]} (42... Kh4 $17 {aiming for ...Nf3+.} 43. e6 Nf3+ 44. Kg2 Ng5+ 45. Kh2 Nxe6) 43. Kg3 $1 $18 {[%cal Rf7g7][%mdl 512]} Nxe5 44. Rxc7 $4 {[%mdl 8192]} (44. Rf5+ $18 {is the narrow road to win.} Kg6 45. Rxe5) 44... Kg6 (44... Nxc4 $19 45. Rg7+ Kf6) 45. h4 $17 Nxc4 {And now ...Ne5 would win.} 46. h5+ {[%mdl 32768] Never resign too early! Accuracy: White = 23%, Black = 38%. . Loss on time!?} 1-0

[Event "Stay Safe Play From Home 359"]
[Site "Emanuel Lasker Arena"]
[Date "2020.08.05"]
[Round "5"]
[White "Lazieri3"]
[Black "TheCHESSHOUSE"]
[Result "0-1"]
[WhiteElo "2072"]
[BlackElo "2045"]
[Annotator "TA"]
[PlyCount "126"]
[EventDate "2020.08.05"]
[EventType "swiss (blitz)"]

{[%evp 16,125,42,13,10,11,46,39,95,22,76,48,139,48,171,105,114,102,153,98,217,104,109,15,81,0,0,-7,204,98,173,76,98,28,20,21,8,-591,-587,-591,-586,-648,-640,-781,-683,-994,-600,-1232,-731,-29999,-606,-761,-604,-601,-600,-604,-603,-1324,-683,-1224,-747,-1314,-620,-1237,-1219,-5602,-5397,-2010,-1350,-1439,-1384,-29990,-29991,-29991,-29992,-29992,-29993,-29995,-29996,-29997,-29995,-29995,-29995,-29996,-29996,-29998,-29996,-29998,-29995,-29997,-29995,-29997,-29997,-29998,-29997,-29998,-29999,-29999,-29996,-29996,-29996,-29998,-29998,-29998,-29999,-29999,-29997,-29997,-29997,-29998,-29999,-29999]} 1. e4 Nc6 2. Nc3 e5 3. Nf3 Nf6 4. d4 exd4 5. Nxd4 d6 6. Nxc6 bxc6 7. Bd3 Be7 8. O-O O-O 9. Bg5 h6 {C45: Scotch Game.} 10. Bh4 {[#]} g5 $146 ({Predecessor:} 10... Rb8 11. b3 Ng4 12. Bxe7 Qxe7 13. Be2 Nxh2 14. Qd4 Nxf1 {0-1 (14) Hamperl,F (2071)-Wiedenkeller,M (2470) Saint Peter Port 2015}) 11. Bg3 Be6 ({Better is} 11... Ng4 $14) 12. a3 (12. f4 $1 $16) 12... Kg7 (12... Nd7 $11) 13. b4 Qd7 {[#]} (13... Ng4 $14) 14. Rb1 (14. f4 $1 $16) 14... Nh7 (14... Nh5 $14) 15. h3 (15. f4 $18 {Strongly threatening f5.} gxf4 16. Bxf4) 15... Bf6 $16 16. Ne2 Rfe8 (16... a5 $142) 17. c3 (17. f4 $142) 17... Nf8 (17... a5 $16 {keeps fighting.}) 18. Nd4 (18. f4 $18) 18... Ng6 19. Nxe6+ (19. Qh5 $16) 19... fxe6 (19... Qxe6 $11 {keeps the balance.} 20. f4 gxf4 21. Bxf4 Nxf4 22. Rxf4 a5) 20. f4 (20. e5 $16 Nxe5 21. Be4 (21. Bxe5 Bxe5 22. Bc2 Rf8 $15)) 20... gxf4 $11 21. Bxf4 e5 $2 {[#]} (21... Nxf4 $11 22. Rxf4 Be5) 22. Be3 (22. Bxh6+ $1 $18 {[%mdl 512]} Kxh6 23. Rxf6) 22... Rf8 (22... Nf4 $16) 23. Qd2 (23. Rf5 $18 {has better winning chances.}) 23... Nf4 $16 24. Bxf4 ({White should play} 24. Rxf4 $16 exf4 25. Bxf4) 24... exf4 $11 25. Rxf4 Bg5 26. Re1 $2 {[%mdl 8192]} (26. Rxf8 $11 {and White stays safe.} Rxf8 27. Qe1) 26... Bxf4 $19 27. Qe2 Be5 28. Qh5 Qe6 29. Re3 Rf6 30. Be2 Rg6 31. Kh1 Rf8 {And now ...Qa2 would win.} 32. Bg4 Qf6 (32... Rf1# $142) 33. Rf3 Qg5 34. Qxg5 Rxg5 35. Rxf8 Kxf8 36. Kg1 Bxc3 37. Kf2 Bb2 38. a4 Bc3 39. b5 cxb5 {Hoping for ...Rxg4!} 40. axb5 Rxb5 41. Kf3 Re5 42. h4 a5 43. g3 a4 {Black mates.} 44. Kf4 a3 45. Bd1 a2 46. Bb3 a1=Q 47. Bd5 Qf1+ 48. Ke3 Qe1+ 49. Kf3 Bd2 50. Bc6 Qe3+ 51. Kg4 Rxe4+ 52. Kh3 Rd4 53. Bb7 Rd3 {[%csl Gd3][%cal Re3g3]} 54. Kg4 Qxg3+ 55. Kf5 Qf4+ 56. Ke6 Rg3 {[%csl Gf8][%cal Rf4f7]} 57. Kd7 Qf7+ 58. Kc6 Rc3+ 59. Kb5 Qb3+ 60. Ka6 Rc1 {[%csl Gc7][%cal Rb3b6]} 61. Ka7 Ra1+ 62. Ba6 {[#]} Rxa6+ $1 63. Kxa6 Qb6# {Accuracy: White = 13%, Black = 31%.} 0-1

[Event "Stay Safe Play From Home 359"]
[Site "Emanuel Lasker Arena"]
[Date "2020.08.05"]
[Round "5"]
[White "Stefanone"]
[Black "Lamborghini"]
[Result "0-1"]
[WhiteElo "1930"]
[BlackElo "2310"]
[Annotator "TA"]
[PlyCount "58"]
[EventDate "2020.08.05"]
[EventType "swiss (blitz)"]

{[%evp 9,58,17,18,2,0,2,14,16,27,14,42,3,4,-17,-11,-36,-11,-51,-45,-32,-17,-29,-36,-28,-11,-34,42,-66,0,0,70,83,58,54,58,-121,0,0,0,0,0,-72,-72,-552,-545,-506,-73,-81,0,-29986,-29987]} 1. d4 Nf6 2. e3 g6 3. Nf3 Bg7 4. b3 O-O 5. Bb2 a5 6. a4 {A48: 1 d4 Nf6 2 Nf3 g6: Torre, London and Colle Systems.} d5 7. Be2 Na6 {[%cal Bb8a6,Ba6b4,Bb4d3][%mdl 32]} 8. O-O {The position is equal.} c6 {[#]} 9. Ne5 $146 ({Predecessor:} 9. Nbd2 Bf5 10. Nh4 Bd7 11. c4 e6 12. Ba3 Re8 13. Nhf3 Nb4 14. Bxb4 axb4 15. Qc2 {0-1 (42) Fulger,I (1946)-Paval,G (2229) Sarata Monteoru 2012}) 9... Bf5 10. f4 Nb4 11. Bd3 Nxd3 12. Nxd3 (12. cxd3 {with more complications.} Ne8 13. Nc3 Nd6 14. h3 Be6 15. Rf2) 12... Ne4 13. Nf2 Nxf2 14. Rxf2 c5 15. Qd2 Rc8 {Threatens to win with ...cxd4.} 16. Na3 e6 17. Nb5 c4 (17... cxd4 $15 18. Nxd4 {[#]} Bxc2 $1 {[%mdl 512]}) 18. b4 ({White should play} 18. Ba3 $14) 18... c3 (18... axb4 $15 19. Qxb4 Rc6) 19. Bxc3 $11 axb4 (19... Qe7 $11) 20. Bxb4 $14 Rxc2 21. Qe1 {Rxc2 is the strong threat.} Rxf2 22. Bxf8 $2 (22. Qxf2 $14 {stays ahead.} Re8 23. Nd6) 22... Rxg2+ (22... Rc2 $17 23. Bxg7 Kxg7) 23. Kxg2 $11 Be4+ 24. Kg1 Bxf8 25. Qc3 (25. Rc1 $11) 25... Qh4 $17 {[%mdl 1024] ( -> ...Qg4+). Black has strong compensation.} 26. Qd2 $2 {[%mdl 8192]} (26. Qe1 $17 {was the crucial defense.} Qg4+ 27. Qg3) 26... Qg4+ $19 27. Kf1 Qf3+ $2 (27... Qh3+ $19 28. Ke1 Be7) 28. Qf2 $17 {Hoping for Qxf3.} Qh1+ (28... Qh3+ $17 29. Ke2 Bb4) 29. Ke2 $2 {[%mdl 8192] [#]} (29. Qg1 $11) 29... Qxa1 {Accuracy: White = 51%, Black = 53%.} 0-1

[Event "Stay Safe Play From Home 359"]
[Site "Emanuel Lasker Arena"]
[Date "2020.08.05"]
[Round "5"]
[White "Ao017545"]
[Black "Buzaglo"]
[Result "0-1"]
[WhiteElo "1574"]
[BlackElo "1849"]
[Annotator "NA RC"]
[PlyCount "66"]
[EventDate "2020.08.05"]
[EventType "swiss (blitz)"]

1. e4 {[%emt 0:00:01]} e6 {[%emt 0:00:00]} 2. Nf3 {[%emt 0:00:01]} d5 {[%emt 0:00:00]} 3. Nc3 {[%emt 0:00:00]} d4 {[%emt 0:00:01]} 4. Ne2 {[%emt 0:00:01]} c5 {[%emt 0:00:00]} 5. Ng3 {[%emt 0:00:00]} Nc6 {[%emt 0:00:00]} 6. Bb5 {[%emt 0:00:02]} Bd7 {[%emt 0:00:01]} 7. Bc4 {[%emt 0:00:03]} a6 {[%emt 0:00:01]} 8. d3 {[%emt 0:00:02]} b5 {[%emt 0:00:01]} 9. Bg5 {[%emt 0:00:02]} Be7 {[%emt 0:00:02]} 10. Bxe7 {[%emt 0:00:01]} Ngxe7 {[%emt 0:00:00]} 11. Bb3 {[%emt 0:00:01]} Na5 {[%emt 0:00:02]} 12. O-O {[%emt 0:00:02]} c4 {[%emt 0:00:01]} 13. dxc4 {[%emt 0:00:03]} bxc4 {[%emt 0:00:00]} 14. Qxd4 {[%emt 0:00:05]} cxb3 {[%emt 0:00:02]} 15. axb3 {[%emt 0:00:00]} O-O {[%emt 0:00:03]} 16. Nh5 {[%emt 0:00:04]} f6 {[%emt 0:00:09]} 17. Rfd1 {[%emt 0:00:07]} Bb5 {[%emt 0:00:04]} 18. Qc5 {[%emt 0:00:04]} Rc8 {[%emt 0:00:09]} 19. Rxd8 {[%emt 0:00:04]} Rxc5 {[%emt 0:00:01]} 20. Rxf8+ {[%emt 0:00:00]} Kxf8 {[%emt 0:00:00]} 21. Rxa5 {[%emt 0:00:01]} Rxc2 {[%emt 0:00:02]} 22. h3 {[%emt 0:00:03]} Rxb2 {[%emt 0:00:01]} 23. Nd4 {[%emt 0:00:01]} g6 {[%emt 0:00:02]} 24. Nxf6 {[%emt 0:00:02]} Kf7 {[%emt 0:00:00]} 25. Ng4 {[%emt 0:00:01]} Nc6 {[%emt 0:00:05]} 26. Nxb5 {[%emt 0:00:04]} Nxa5 {[%emt 0:00:01]} 27. Nd6+ {[%emt 0:00:02]} Ke7 {[%emt 0:00:01]} 28. Nc8+ {[%emt 0:00:00]} Kd7 {[%emt 0:00:00]} 29. Nb6+ {[%emt 0:00:00]} Kc6 {[%emt 0:00:01]} 30. Nc4 {[%emt 0:00:00]} Kb5 {[%emt 0:00:00]} 31. Na3+ {[%emt 0:00:01]} Kb4 {[%emt 0:00:01]} 32. Ne3 {[%emt 0:00:00]} Kxb3 {[%emt 0:00:00]} 33. Nec2 {[%emt 0:00:00]} Rb1+ {[%emt 0:00:02] Zaman Zaman Zaman Zaman Zaman (Lag: Av=0.66s, max=1.3s) (Lag: Av=0.66s, max=1.3s) (Lag: Av=0.66s, max=1.3s) (Lag: Av=0.66s, max=1.3s) (Lag: Av=0.66s, max=1.3s)} 0-1

[Event "Stay Safe Play From Home 359"]
[Site "Emanuel Lasker Arena"]
[Date "2020.08.05"]
[Round "5"]
[White "James Harcourt"]
[Black "Trotsky"]
[Result "1-0"]
[WhiteElo "1267"]
[BlackElo "1606"]
[Annotator "NA RC"]
[PlyCount "71"]
[EventDate "2020.08.05"]
[EventType "swiss (blitz)"]

1. e4 {[%emt 0:00:01]} c5 {[%emt 0:00:01]} 2. f4 {[%emt 0:00:00]} e6 {[%emt 0:00:00]} 3. Nf3 {[%emt 0:00:00]} d5 {[%emt 0:00:01]} 4. h4 {[%emt 0:00:00]} Nc6 {[%emt 0:00:01]} 5. Ng5 {[%emt 0:00:00]} Qc7 {[%emt 0:00:01]} 6. Nxf7 {[%emt 0:00:00]} Kxf7 {[%emt 0:00:02]} 7. f5 {[%emt 0:00:01]} Bd6 {[%emt 0:00:02]} 8. d3 {[%emt 0:00:01]} Nf6 {[%emt 0:00:02]} 9. Rg1 {[%emt 0:00:03]} Rf8 {[%emt 0:00:01]} 10. g3 {[%emt 0:00:00]} Kg8 {[%emt 0:00:01]} 11. Bf4 {[%emt 0:00:02]} e5 {[%emt 0:00:02]} 12. Bg5 {[%emt 0:00:02]} dxe4 {[%emt 0:00:03]} 13. dxe4 {[%emt 0:00:01]} Be7 {[%emt 0:00:02]} 14. Bxf6 {[%emt 0:00:01]} Bxf6 {[%emt 0:00:03]} 15. h5 {[%emt 0:00:00]} Nd4 {[%emt 0:00:02]} 16. h6 {[%emt 0:00:01]} g6 {[%emt 0:00:02]} 17. fxg6 {[%emt 0:00:01]} Kh8 {[%emt 0:00:02]} 18. g7+ {[%emt 0:00:02]} Bxg7 {[%emt 0:00:01]} 19. hxg7+ {[%emt 0:00:01]} Qxg7 {[%emt 0:00:02]} 20. g4 {[%emt 0:00:02]} Nf3+ {[%emt 0:00:04]} 21. Ke2 {[%emt 0:00:05]} Nxg1+ {[%emt 0:00:01]} 22. Kd2 {[%emt 0:00:01]} Rf2+ {[%emt 0:00:01]} 23. Be2 {[%emt 0:00:02]} Qg5+ {[%emt 0:00:03]} 24. Kc3 {[%emt 0:00:01]} Be6 {[%emt 0:00:03]} 25. Nd2 {[%emt 0:00:01]} Bxg4 {[%emt 0:00:02]} 26. Bxg4 {[%emt 0:00:02]} Rf4 {[%emt 0:00:06]} 27. Kb3 {[%emt 0:00:01]} Rxg4 {[%emt 0:00:01]} 28. c3 {[%emt 0:00:01]} a5 {[%emt 0:00:01]} 29. Qc2 {[%emt 0:00:01]} a4+ {[%emt 0:00:01]} 30. Ka3 {[%emt 0:00:01]} Qf4 {[%emt 0:00:02]} 31. b4 {[%emt 0:00:02]} b5 {[%emt 0:00:01]} 32. bxc5 {[%emt 0:00:01]} b4+ {[%emt 0:00:01]} 33. cxb4 {[%emt 0:00:01]} Qxe4 {[%emt 0:00:01]} 34. Nxe4 {[%emt 0:00:01]} Rxe4 {[%emt 0:00:01]} 35. Qxe4 {[%emt 0:00:01]} Rg8 {[%emt 0:00:01]} 36. Qxe5+ {[%emt 0:00:01] Âðåìÿ Âðåìÿ Âðåìÿ Âðåìÿ Âðåìÿ ' ' ' ' '} 1-0

[Event "Stay Safe Play From Home 359"]
[Site "Emanuel Lasker Arena"]
[Date "2020.08.05"]
[Round "6"]
[White "Gokerkan"]
[Black "NTBT_DHS"]
[Result "1-0"]
[WhiteElo "2573"]
[BlackElo "2618"]
[Annotator "TA"]
[PlyCount "165"]
[EventDate "2020.08.05"]
[EventType "swiss (blitz)"]

{[%evp 16,164,62,17,37,31,36,41,38,37,104,91,112,117,96,104,120,77,85,89,69,68,84,85,204,198,205,221,200,206,213,200,247,259,245,221,182,217,186,41,405,398,356,248,249,241,411,227,1035,1009,867,649,733,733,733,733,733,708,716,646,479,388,774,389,406,406,308,179,5790,971,29962,29958,29938,29949,5081,8,8,8,14,8,30,30,3016,2051,5552,1270,1006,843,29955,29957,29959,29959,29958,29961,29958,29958,29962,29946,29960,29959,29967,12778,29973,29970,29992,0,29992,29974,29974,8,29977,29977,29978,29979,29978,8,8,8,29985,29986,29987,29988,29988,29989,29989,29990,29990,29991,29992,29993,29993,29992,29991,29992,29992,29993,29993,29994,29994,29995,29995,29996,29996,29996,29996,29997,29997,29998,29998,29999,29999]} 1. e4 g6 2. d4 Bg7 3. Nf3 d6 4. Bd3 Nf6 5. h3 O-O 6. O-O Nc6 7. Re1 e5 8. c3 Re8 9. Nbd2 (9. d5 $5 {[%cal Rd5c6]} Nb8 10. Be3 $14) 9... a6 {B07: Pirc Defence: Miscellaneous Systems.} 10. Nf1 {[#]} b5 $146 ({Predecessor:} 10... Bd7 11. Bg5 b5 12. Qd2 Na5 13. Ne3 Qc8 14. dxe5 dxe5 15. c4 Nb7 16. Rac1 Qb8 17. Bb1 {1-0 (38) Georgescu,T (2476)-Albu,G (2038) Olanesti 2018}) 11. Ng3 Bb7 {White is slightly better.} 12. a4 b4 (12... exd4 $14 13. axb5 axb5 14. Rxa8 Qxa8) 13. d5 $16 Ne7 14. cxb4 c6 15. dxc6 Nxc6 16. b5 Nb4 17. bxa6 Bxa6 18. Bxa6 Rxa6 19. Bd2 $36 {[%mdl 2048] White is really pushing.} Nd3 {[#]} (19... Qb6 $16 {was necessary.}) 20. Qe2 $1 $18 {[%cal Re2d3]} Nxe1 21. Qxa6 Nxf3+ 22. gxf3 d5 {intending ...dxe4.} 23. Bg5 h6 24. Bxf6 $1 Bxf6 25. exd5 Bh4 26. Ne4 Qxd5 27. Qb5 (27. a5 $18) 27... Qe6 $2 {[%mdl 8192]} ({Black should play} 27... Qxb5 $14 28. axb5 Rb8) 28. a5 Rd8 29. Kg2 f5 30. Nc5 Qd5 $2 (30... Qe7 31. Qc4+ Kh8) 31. Qb3 (31. a6 $142) 31... Be7 $2 (31... Qxb3 32. Nxb3 Kf7) 32. Qxd5+ Rxd5 33. b4 Bxc5 34. bxc5 Rxc5 {[%mdl 4096] Endgame KR-KR} 35. a6 {[%cal Ba5a6,Ba6a7][%mdl 32] a7 is the strong threat.} Rc8 36. a7 Ra8 37. Ra6 Kf7 38. Kf1 g5 $2 (38... h5 39. h4 Ke8) 39. Ke2 h5 40. Kd3 h4 41. Kc4 (41. Ra1 $142) 41... Kg7 $2 (41... e4) 42. Kd5 (42. Kb5 $142 e4 43. fxe4) 42... g4 43. fxg4 fxg4 44. hxg4 h3 45. Ra3 $2 (45. Ra1 $18 h2 46. Kxe5) 45... h2 46. Rh3 Rxa7 47. Rxh2 Ra5+ 48. Ke4 Kg6 $2 {[%mdl 8192]} (48... Ra4+ $11 49. Kf3 (49. Kxe5 Rxg4 50. Rh3 Ra4 $11) 49... Ra3+ 50. Kg2 e4) 49. f3 Ra3 50. Rh3 (50. Rh8 $142 Ra5 51. Rf8) 50... Ra5 51. Rh5 Ra4+ 52. Kxe5 Ra5+ 53. Kf4 Ra4+ 54. Kg3 Ra3 55. Rf5 Ra2 56. Rf4 Ra1 57. Re4 Ra2 58. Kf4 (58. Re6+ $142 Kf7 59. Re3 Ra6 60. Rb3 Ra1 61. f4 Kg6 62. Rb6+ Kf7 63. Kh4) 58... Kg7 59. Re5 Ra5 60. Re4 $2 (60. Rxa5 Kf6 61. Re5 Kg7 62. Kf5 Kf7 63. g5 Kg7 64. g6 Kg8 65. Kf6 Kf8 66. Re2 Kg8 67. Re8#) 60... Ra4 $2 {[%mdl 8192]} (60... Ra2 $11 61. Kf5 Ra5+ 62. Re5 Ra7) 61. Kf5 Ra3 62. Re5 $2 (62. f4 Ra7 63. g5 Rf7+ 64. Kg4 Rd7 65. f5 Kh7 66. Kh5 Kg8 67. f6 Rh7+ 68. Kg6 Rg7+ 69. Kf5) 62... Ra1 $2 {[%mdl 8192]} (62... Rxf3+ $11 63. Kg5 Ra3) 63. f4 Kf7 64. g5 Rg1 {[#]} 65. g6+ $1 Rxg6 $11 {[#]} 66. Re7+ $1 {[%mdl 576] Deflection} Kxe7 $2 {[%mdl 8192] Black is now going downhill.} (66... Kf8 $11) 67. Kxg6 {KP-K. White mates.} Ke6 68. f5+ Ke7 69. Kg7 Ke8 70. f6 Kd7 71. f7 Ke6 72. f8=Q Kd5 73. Qf6 Kc4 74. Kg6 Kd3 75. Kf5 Kc4 76. Qe5 Kb4 77. Ke4 Kb3 78. Qd4 Kc2 79. Qe3 Kd1 80. Qf2 Kc1 81. Kd3 {[%csl Gd3][%cal Rf2c2]} Kb1 82. Kc3 {[%csl Gc3][%cal Rf2b2]} Kc1 83. Qc2# {Accuracy: White = 62%, Black = 46%.} 1-0

[Event "Stay Safe Play From Home 359"]
[Site "Emanuel Lasker Arena"]
[Date "2020.08.05"]
[Round "6"]
[White "Nuktotitakoi"]
[Black "Uber_WING"]
[Result "0-1"]
[WhiteElo "2461"]
[BlackElo "2314"]
[Annotator "TA"]
[PlyCount "34"]
[EventDate "2020.08.05"]
[EventType "swiss (blitz)"]

{[%evp 9,34,21,99,23,57,55,70,-4,-24,-47,-49,-41,-43,-86,-90,-121,-100,-176,-192,-331,-298,-365,-364,-499,-483,-472,-431]} 1. e4 d5 2. Nc3 dxe4 3. Nxe4 f5 4. Nc3 e5 5. Bc4 Nf6 {[#]} (5... Nc6 $11 {remains equal.}) 6. d3 {[#] A00: Irregular Openings.} (6. Nf3 $1 $16) 6... Qe7 $146 ({Predecessor:} 6... Bd6 7. Nf3 Qe7 8. Qe2 Nc6 9. Bg5 Be6 10. Bb5 Bf7 11. Nh4 g6 12. Qf3 O-O 13. Bxc6 bxc6 14. Qxc6 Rab8 15. O-O Rxb2 {½-½ (15) Szymanski,M (2429)-Gluszko,T (2119) Grodzisk Mazowiecki 2007}) 7. Nf3 {0-0 is the strong threat.} Be6 8. Bxe6 ({Better is} 8. Bb3 $14) 8... Qxe6 $11 9. O-O Nc6 10. Re1 O-O-O 11. Ng5 Qd7 12. a3 Bd6 13. b4 (13. Nb5 $17) 13... h6 $19 14. Nf3 {[#]} (14. Nh3 {keeps fighting.}) 14... e4 $1 {[%mdl 512]} 15. dxe4 fxe4 16. Nd2 Be5 17. Bb2 Qxd2 {Accuracy: White = 22%, Black = 85%.} 0-1

[Event "Stay Safe Play From Home 359"]
[Site "Emanuel Lasker Arena"]
[Date "2020.08.05"]
[Round "6"]
[White "AChessPlayer"]
[Black "Tran Minh Thang"]
[Result "1-0"]
[WhiteElo "2416"]
[BlackElo "2493"]
[Annotator "TA"]
[PlyCount "83"]
[EventDate "2020.08.05"]
[EventType "swiss (blitz)"]

{[%evp 13,83,15,23,27,16,7,56,7,4,19,58,0,56,45,50,48,78,55,126,84,83,95,89,-22,81,98,120,139,308,178,166,169,321,253,256,260,261,243,172,134,628,620,901,882,959,409,818,811,804,785,775,779,817,817,774,756,1313,681,29986,29987,6108,1325,1278,1242,1208,1167,1381,1331,1275,1244,1210,1162]} 1. Nf3 Nf6 2. e3 g6 3. d4 Bg7 4. Be2 O-O 5. O-O d5 6. c4 b6 7. Nc3 Bb7 8. cxd5 {D94: Grünfeld: 4 Nf3 Bg7 5 e3.} Nxd5 9. Qc2 Nd7 10. e4 {White is slightly better.} Nxc3 11. bxc3 c5 12. Be3 ({Better is} 12. d5 $1 $14) 12... Rc8 {[#]} (12... cxd4 $11 13. cxd4 Rc8) 13. d5 $146 ({Predecessor:} 13. Qd3 Qc7 14. Rac1 Rfd8 15. Qb1 e6 16. e5 h6 17. Nd2 Bd5 18. Ne4 Bf8 19. Ng3 {1-0 (50) Luetje,J-Voelzke,S (2123) Dresden 2004}) 13... Qc7 14. Rad1 Rfd8 15. c4 Ne5 ({Black should try} 15... Re8 $14) 16. Nd2 e6 17. f4 Nd7 18. Bf3 (18. Nf3 $16) 18... exd5 (18... Bd4 $11 19. Bxd4 cxd4) 19. cxd5 $16 Nf6 20. Nc4 Ba6 $2 (20... b5 $16) 21. d6 (21. e5 $142) 21... Qd7 $18 22. e5 Ne8 $2 (22... Ng4 23. Rfe1 Bb5) 23. Rfe1 Bb5 24. Bf2 Ba4 25. Qc1 Bxd1 26. Rxd1 f6 $2 {[%mdl 8192] [#] Loses the game.} (26... Bh6 $16) 27. e6 $1 {[%mdl 512]} Qb5 (27... Qxe6 28. Bd5) 28. d7 Rb8 29. dxe8=Q+ (29. f5 $142) 29... Rxe8 (29... Qxe8 $142 30. Re1 Bf8) 30. Nd6 Qa4 31. Nxe8 Rxe8 32. Bd5 {aiming for Bb3.} Kh8 33. Bb3 Qe4 34. Re1 Qf5 35. Qd1 Qxf4 {[#]} 36. Qd7 $1 Qb8 37. Ba4 (37. e7 $142 f5 38. Bf7) 37... Rd8 {[#]} 38. e7 $1 {[%mdl 512]} Rxd7 39. Bxd7 h5 40. e8=Q+ Qxe8 41. Rxe8+ Kh7 42. Re7 {Accuracy: White = 52%, Black = 30%.} 1-0